Ambientalismo, género y violencia : campesinas ecologistas de la Sierra de Petatlán, Guerrero /
Guardat en:
| Autor principal: | |
|---|---|
| Format: | Llibre |
| Idioma: | espanyol |
| Publicat: |
México :
Congreso de la Unión, Cámara de Diputados, LXII Legislatura, Centro de Estudios Sociales y de Opinión Pública : Juan Pablos,
2015, c2015
|
| Col·lecció: | (Mundos Rurales)
|
| Matèries: | |
| Etiquetes: |
Sense etiquetes, Sigues el primer a etiquetar aquest registre!
|
MARC
| LEADER | 00000nam^a2200000^a^4500 | ||
|---|---|---|---|
| 001 | 000355148 | ||
| 005 | 20250521000000.0 | ||
| 009 | 20260310115156.747 | ||
| 020 | |a 978-607-9423-07-0 | ||
| 020 | |a 978-607-711-284-6 | ||
| 037 | |a Acervo ITESO - Biblioteca | ||
| 041 | |a ESP | ||
| 082 | |a 320. 97207 |b CESOP V. 5 | ||
| 100 | |a Paz Paredes, Lorena |e (autor) | ||
| 245 | 1 | 0 | |a Ambientalismo, género y violencia : |b campesinas ecologistas de la Sierra de Petatlán, Guerrero / |c L. Paz Paredes ; pról. de Gisela Espinosa Damián. |
| 264 | 4 | |a México : |b Congreso de la Unión, Cámara de Diputados, LXII Legislatura, Centro de Estudios Sociales y de Opinión Pública : |b Juan Pablos, |c 2015, c2015 | |
| 300 | |a 165 p. | ||
| 336 | |a texto |b txt |2 rdacontenido | ||
| 337 | |a sin mediación |b n |2 rdamedio | ||
| 338 | |a volumen |b nc |2 rdasoporte | ||
| 440 | 1 | |a (Mundos Rurales) | |
| 649 | |a XX | ||
| 650 | |a Movimientos de Mujeres - |z Petatlán, Guerrero - |x Historia | ||
| 650 | |a Movimientos de Mujeres - |z México - |x Historia | ||
| 650 | |a Movimientos Ecologistas - |z Petatlán, Guerrero - |x Historia | ||
| 650 | |a Movimientos Ecologistas - |z México - |x Historia | ||
| 650 | |a Movimientos Campesinos - |z Petatlán, Guerrero - |x Historia | ||
| 650 | |a Movimientos Campesinos - |z México - |x Historia | ||
| 650 | |a Narcotráfico - |z Petatlán, Guerrero - |x Historia | ||
| 650 | |a Narcotráfico - |z México - |x Historia | ||
| 650 | |a Violencia - |z Petatlán, Guerrero - |x Historia | ||
| 650 | |a Violencia - |z México - |x Historia | ||
| 650 | |a Desarrollo Rural - |z Petatlán, Guerrero - |x Historia | ||
| 650 | |a Desarrollo Rural - |z México - |x Historia | ||
| 650 | |a Política Ambiental - |z Petatlán, Guerrero - |x Historia - |y 2000-2006 | ||
| 650 | |a Política Ambiental - |z Petatlán, Guerrero - |x Historia - |y 2006-2012 | ||
| 650 | |a Política Ambiental - |z Petatlán, Guerrero - |x Historia - |y Siglo XXI | ||
| 650 | |a Política Ambiental - |z México - |x Historia - |y 2000-2006 | ||
| 650 | |a Política Ambiental - |z México - |x Historia - |y 2006-2012 | ||
| 650 | |a Política Ambiental - |z México - |x Historia - |y Siglo XXI | ||
| 650 | |a Género | ||
| 650 | |a Feminismo | ||
| 650 | |a Ecología Social | ||
| 650 | |a Sociología Rural | ||
| 650 | |a Organización de Mujeres Ecologistas de la Sierra de Petatlán - |x Tema Principal | ||
| 910 | |a Fondo General | ||
| 920 | |a Impresos - Libros | ||
| 930 | |a Colección General | ||
| 905 | |a 101 | ||
| 901 | |a 0500247456 |b IT1 |c ACC |i D70616 |u 20250521 | ||
| 902 | |a https://opac.biblio.iteso.mx/vufind/Record/000355148 | ||